[Event "Titled Tuesday intern op 23rd Apr Late"]
[Site "Chess.com INT"]
[Date "2024.04.23"]
[Round "1"]
[White "Kyrychenko, Maryan"]
[Black "Christiansen, Johan Sebastian"]
[Result "0-1"]
[WhiteElo "2130"]
[BlackElo "2637"]
[PlyCount "52"]
[EventDate "2024.04.23"]
[EventType "swiss (blitz)"]
[EventRounds "11"]
[EventCountry "USA"]
[SourceTitle "CB18_2024"]
[SourceDate "2024.05.01"]
[SourceVersion "1"]
[SourceVersionDate "2024.05.01"]
[SourceQuality "2"]

1. e4 e5 2. Nf3 Nc6 3. d4 exd4 4. Nxd4 Nf6 5. Nxc6 bxc6 6. e5 Ne4 7. Bd3 Nc5 8. 0-0 Be7 9. Nc3 0-0 10. Qh5 Nxd3 11. cxd3 d5 12. d4 Rb8 13. a3 Qd7 14. h3 Qf5 15. Qxf5 Bxf5 16. g4 Bd3 17. Rd1 Bc2 18. Re1 Rb3 19. f4 Rd8 20. Kg2 c5 21. Re2 Bd3 22. Rd2 Bc4 23. dxc5 d4 24. Ne4 Bd5 25. Re2 d3 26. Re1 d2 0-1

[Event "Titled Tuesday intern op 15th Aug Early"]
[Site "Chess.com INT"]
[Date "2023.08.15"]
[Round "6"]
[White "Kyrychenko, Maryan"]
[Black "Kosteniuk, Alexandra"]
[Result "0-1"]
[WhiteElo "2130"]
[BlackElo "2532"]
[PlyCount "104"]
[EventDate "2023.08.15"]
[EventType "swiss (blitz)"]
[EventRounds "11"]
[EventCountry "USA"]
[SourceTitle "EXT 2024"]
[Source "ChessBase"]
[SourceDate "2023.10.10"]
[SourceVersion "1"]
[SourceVersionDate "2023.10.10"]
[SourceQuality "1"]

1. e4 c6 2. d4 d5 3. e5 c5 4. dxc5 e6 5. a3 Bxc5 6. b4 Be7 7. Bb2 f6 8. Nf3 a5 9. b5 Nd7 10. Bd3 Qc7 11. Qe2 f5 12. 0-0 Nb6 13. Nbd2 Na4 14. Bd4 Nh6 15. Nb3 Nc3 16. Qe1 Ne4 17. b6 Qd8 18. Nxa5 0-0 19. c4 dxc4 20. Nxc4 Qd5 21. Ne3 Qd8 22. a4 Bd7 23. a5 Bc6 24. Rd1 Qe8 25. Nd2 Nc5 26. Bc4 Qg6 27. f3 f4 28. Ng4 Nxg4 29. fxg4 Qxg4 30. Nf3 Ne4 31. h3 Qg6 32. Bd3 Rfd8 33. Bb2 Bc5+ 34. Kh2 Rxd3 35. Rxd3 Ng3 36. Nh4 Qxd3 37. Rxf4 Ne2 38. Rf1 Qc2 39. Ba1 Rf8 40. Rxf8+ Bxf8 41. Nf3 Bxf3 42. gxf3 Nd4+ 43. Kg3 Nf5+ 44. Kf4 Qa4+ 45. Qe4 Qxa1 46. Qxb7 Qxa5 47. Qc6 Qb4+ 48. Kg5 h6+ 49. Kg6 Ne7+ 50. Kh5 Nxc6 51. f4 Qxf4 52. h4 Qf5# 0-1

[Event "Titled Tuesday intern op 27th Jun Late"]
[Site "Chess.com INT"]
[Date "2023.06.27"]
[Round "2"]
[White "Kyrychenko, Maryan"]
[Black "Andersson, Bjorn2222"]
[Result "0-1"]
[WhiteElo "2130"]
[BlackElo "2165"]
[PlyCount "86"]
[EventDate "2023.06.27"]
[EventType "swiss (blitz)"]
[EventRounds "11"]
[EventCountry "USA"]
[SourceTitle "EXT 2024"]
[Source "ChessBase"]
[SourceDate "2023.10.10"]
[SourceVersion "1"]
[SourceVersionDate "2023.10.10"]
[SourceQuality "1"]

1. e4 c5 2. Nc3 Nc6 3. f4 g5 4. Nf3 gxf4 5. Bb5 d6 6. d3 e5 7. 0-0 Bg4 8. Bc4 Qd7 9. Qe1 0-0-0 10. a3 Nd4 11. Nxd4 cxd4 12. Nd5 Be7 13. c3 dxc3 14. bxc3 Kb8 15. d4 Nf6 16. Rb1 Rc8 17. Ba6 b6 18. Bxc8 Rxc8 19. Nxe7 Qxe7 20. a4 Be6 21. Ba3 Bc4 22. Rf2 Qc7 23. Rd2 Ka8 24. a5 bxa5 25. dxe5 dxe5 26. Bd6 Qc6 27. Bxe5 Nxe4 28. Rd4 f5 29. Bxf4 a4 30. Qc1 Bb3 31. c4 Rg8 32. g3 h5 33. Qe3 h4 34. Rxb3 axb3 35. Qxb3 hxg3 36. hxg3 Qc5 37. Qe3 Rc8 38. Kg2 Qc6 39. Kg1 Qb6 40. g4 Qb1+ 41. Kg2 Qc2+ 42. Kf3 Re8 43. Qd3 Qf2# 0-1

[Event "Titled Tuesday intern op 20th Jun Early"]
[Site "Chess.com INT"]
[Date "2023.06.20"]
[Round "1"]
[White "Grischuk, Alexander"]
[Black "Kyrychenko, Maryan"]
[Result "1-0"]
[WhiteElo "2736"]
[BlackElo "2130"]
[PlyCount "77"]
[EventDate "2023.06.20"]
[EventType "swiss (blitz)"]
[EventRounds "11"]
[EventCountry "USA"]
[SourceTitle "EXT 2024"]
[Source "ChessBase"]
[SourceDate "2023.10.10"]
[SourceVersion "1"]
[SourceVersionDate "2023.10.10"]
[SourceQuality "1"]

1. Nf3 d5 2. g3 c5 3. Bg2 Nc6 4. d4 Nf6 5. 0-0 Bf5 6. c4 e6 7. cxd5 exd5 8. Nc3 h6 9. Be3 c4 10. Ne5 Be7 11. b3 Qa5 12. Bd2 Bb4 13. Qe1 Nxd4 14. a3 Nxb3 15. axb4 Qxa1 16. Qxa1 Nxa1 17. Rxa1 0-0 18. Be3 Rfe8 19. Bd4 b6 20. e3 a5 21. Nxd5 axb4 22. Nxf6+ gxf6 23. Rxa8 Rxa8 24. Bxa8 fxe5 25. Bxe5 c3 26. f3 Bd3 27. Kf2 b5 28. e4 Kf8 29. Bd6+ Ke8 30. Bxb4 c2 31. Ba3 Kd7 32. Ke3 b4 33. Bb2 Bc4 34. Kd4 Be2 35. f4 Kd6 36. Bd5 f6 37. e5+ fxe5+ 38. fxe5+ Ke7 39. Kc5 1-0

[Event "Titled Tuesday intern op 20th Jun Late"]
[Site "Chess.com INT"]
[Date "2023.06.20"]
[Round "10"]
[White "Holt, Conrad"]
[Black "Kyrychenko, Maryan"]
[Result "1-0"]
[WhiteElo "2540"]
[BlackElo "2130"]
[PlyCount "51"]
[EventDate "2023.06.20"]
[EventType "swiss (blitz)"]
[EventRounds "11"]
[EventCountry "USA"]
[SourceTitle "EXT 2024"]
[Source "ChessBase"]
[SourceDate "2023.10.10"]
[SourceVersion "1"]
[SourceVersionDate "2023.10.10"]
[SourceQuality "1"]

1. d4 Nf6 2. c4 e6 3. Nc3 Bb4 4. Qc2 0-0 5. e4 Bxc3+ 6. bxc3 d5 7. e5 Nfd7 8. Bd3 h6 9. cxd5 exd5 10. f4 c5 11. Nf3 Nc6 12. 0-0 cxd4 13. cxd4 Nb4 14. Bh7+ Kh8 15. Qb1 a5 16. a3 Nc6 17. Bd3 b6 18. f5 Ba6 19. Bxa6 Rxa6 20. f6 b5 21. fxg7+ Kxg7 22. Qxb5 Qb6 23. Qxd5 Rd8 24. Qe4 f5 25. Qxf5 Nxd4 26. Qg4+ 1-0

[Event "Titled Tuesday intern op 20th Jun Late"]
[Site "Chess.com INT"]
[Date "2023.06.20"]
[Round "6"]
[White "Kyrychenko, Maryan"]
[Black "Nazari, Arad"]
[Result "1-0"]
[WhiteElo "2130"]
[BlackElo "2367"]
[PlyCount "91"]
[EventDate "2023.06.20"]
[EventType "swiss (blitz)"]
[EventRounds "11"]
[EventCountry "USA"]
[SourceTitle "EXT 2024"]
[Source "ChessBase"]
[SourceDate "2023.10.10"]
[SourceVersion "1"]
[SourceVersionDate "2023.10.10"]
[SourceQuality "1"]

1. e4 c5 2. Nc3 d6 3. f4 g6 4. Nf3 Bg7 5. Bb5+ Bd7 6. Bxd7+ Qxd7 7. 0-0 Nc6 8. d3 e6 9. Be3 Nge7 10. Kh1 0-0 11. Qe2 a6 12. Rad1 b5 13. e5 Nf5 14. exd6 Nxe3 15. Qxe3 Qxd6 16. Ne4 Qd5 17. b3 Nd4 18. c4 bxc4 19. dxc4 Qc6 20. Ne5 Qc7 21. Nxc5 Nf5 22. Qf2 Rfc8 23. Ncd3 Rd8 24. Nf3 Qb7 25. Nc5 Qc6 26. Nd3 a5 27. Nde5 Qb7 28. Qc5 Rxd1 29. Rxd1 Bf8 30. Qc6 Qa7 31. Qd7 Qxd7 32. Rxd7 f6 33. Nc6 a4 34. b4 Ne3 35. c5 Nd5 36. g3 Rc8 37. Na7 Rb8 38. a3 Nxb4 39. axb4 a3 40. Nc6 a2 41. Ra7 Rc8 42. Ncd4 e5 43. fxe5 fxe5 44. Nxe5 Re8 45. Nef3 Bg7 46. Rxa2 1-0

[Event "Titled Tuesday intern op 20th Jun Early"]
[Site "Chess.com INT"]
[Date "2023.06.20"]
[Round "2"]
[White "Kyrychenko, Maryan"]
[Black "Samaganova, Alexandra"]
[Result "1-0"]
[WhiteElo "2130"]
[BlackElo "1827"]
[PlyCount "69"]
[EventDate "2023.06.20"]
[EventType "swiss (blitz)"]
[EventRounds "11"]
[EventCountry "USA"]
[SourceTitle "EXT 2024"]
[Source "ChessBase"]
[SourceDate "2023.10.10"]
[SourceVersion "1"]
[SourceVersionDate "2023.10.10"]
[SourceQuality "1"]

1. e4 c5 2. Nc3 e6 3. f4 a6 4. Nf3 b5 5. Be2 Bb7 6. d3 Qc7 7. 0-0 Nf6 8. e5 Nd5 9. Ne4 d6 10. c4 Nb6 11. cxb5 axb5 12. exd6 Bxd6 13. Be3 Nd5 14. Qd2 Nd7 15. Ne5 Bxe5 16. fxe5 Nxe3 17. Nd6+ Kd8 18. Nxf7+ Kc8 19. Qxe3 Rf8 20. Rac1 Kb8 21. a3 Bd5 22. Nd6 Rxf1+ 23. Rxf1 Qc6 24. Rf7 Kc7 25. Bf3 Rf8 26. Bxd5 Qxd5 27. Rxf8 Nxf8 28. Nxb5+ Kb6 29. Nd6 Nd7 30. b4 Kc6 31. bxc5 Nxc5 32. d4 Na6 33. Qc3+ Kd7 34. Qc8+ Ke7 35. Qe8# 1-0

[Event "Titled Tuesday intern op 13th Jun Late"]
[Site "Chess.com INT"]
[Date "2023.06.13"]
[Round "6"]
[White "Kyrychenko, Maryan"]
[Black "Argandona Riveiro, Inigo"]
[Result "1-0"]
[WhiteElo "2130"]
[BlackElo "2344"]
[PlyCount "105"]
[EventDate "2023.06.13"]
[EventType "swiss (blitz)"]
[EventRounds "11"]
[EventCountry "USA"]
[SourceTitle "EXT 2024"]
[Source "ChessBase"]
[SourceDate "2023.10.10"]
[SourceVersion "1"]
[SourceVersionDate "2023.10.10"]
[SourceQuality "1"]

1. e4 d6 2. d4 Nf6 3. Nc3 e5 4. dxe5 dxe5 5. Qxd8+ Kxd8 6. Bg5 Be6 7. 0-0-0+ Nbd7 8. f4 exf4 9. e5 h6 10. Bh4 g5 11. exf6 gxh4 12. Nge2 Bc5 13. Kb1 Be3 14. Nd4 Kc8 15. Nxe6 fxe6 16. Bc4 Nxf6 17. Bxe6+ Kb8 18. Rhf1 c6 19. g3 hxg3 20. hxg3 Re8 21. gxf4 Bxf4 22. Bf7 Bg5 23. Rxf6 Bxf6 24. Bxe8 Kc7 25. Bh5 Bxc3 26. bxc3 Rg8 27. Rf1 Rg5 28. Be2 Rc5 29. Kb2 h5 30. Rh1 Re5 31. Bxh5 Rb5+ 32. Kc1 Ra5 33. Kb2 Rb5+ 34. Ka1 Rc5 35. Rh3 a5 36. Be2 Re5 37. Bd3 Rc5 38. Kb2 Re5 39. a4 Rc5 40. Rh7+ Kb8 41. c4 b6 42. Kc3 Kc8 43. Kd4 Kb8 44. Be4 Kc8 45. c3 Kb8 46. Rf7 Kc8 47. Rf5 Rxf5 48. Bxf5+ Kc7 49. Ke5 b5 50. cxb5 cxb5 51. axb5 Kb6 52. c4 Kc5 53. Bc2 1-0

[Event "Titled Tuesday intern op 13th Jun Early"]
[Site "Chess.com INT"]
[Date "2023.06.13"]
[Round "2"]
[White "Kyrychenko, Maryan"]
[Black "Lopez Idarraga, Daniel Eduardo"]
[Result "1-0"]
[WhiteElo "2130"]
[BlackElo "2009"]
[PlyCount "97"]
[EventDate "2023.06.13"]
[EventType "swiss (blitz)"]
[EventRounds "11"]
[EventCountry "USA"]
[SourceTitle "EXT 2024"]
[Source "ChessBase"]
[SourceDate "2023.10.10"]
[SourceVersion "1"]
[SourceVersionDate "2023.10.10"]
[SourceQuality "1"]

1. e4 c5 2. Nc3 Nc6 3. f4 g6 4. Nf3 Bg7 5. Bb5 Nd4 6. 0-0 Nxb5 7. Nxb5 d5 8. e5 Bg4 9. h3 Bxf3 10. Qxf3 a6 11. Nc3 e6 12. a4 Ne7 13. d3 0-0 14. Qf2 Rc8 15. a5 Nf5 16. Bd2 Qh4 17. Qxh4 Nxh4 18. Na4 f6 19. Nb6 Rc7 20. exf6 Bxf6 21. c3 Nf5 22. Rae1 Ng7 23. g4 Bd8 24. g5 Rcf7 25. Na4 Bxa5 26. Nxc5 Bb6 27. d4 Bxc5 28. dxc5 Rc7 29. b4 Kf7 30. Be3 Ke8 31. Bd4 Rcf7 32. Bxg7 Rxg7 33. Rxe6+ Kd7 34. Rd6+ Kc7 35. Rxd5 Re7 36. Rfd1 Rxf4 37. Kg2 Re2+ 38. Kg3 Rfe4 39. R1d3 Re7 40. h4 Re1 41. R5d4 Rg1+ 42. Kf2 Rge1 43. Rd7+ Kc6 44. R3d6+ Kb5 45. Rxb7+ Kc4 46. Rxe7 Rxe7 47. Rxa6 Kxc3 48. c6 Kc4 49. Rb6 1-0

[Event "Titled Tuesday intern op 13th Jun Early"]
[Site "Chess.com INT"]
[Date "2023.06.13"]
[Round "8"]
[White "Kyrychenko, Maryan"]
[Black "Mogirzan, Matei Valeriu"]
[Result "0-1"]
[WhiteElo "2130"]
[BlackElo "1813"]
[PlyCount "82"]
[EventDate "2023.06.13"]
[EventType "swiss (blitz)"]
[EventRounds "11"]
[EventCountry "USA"]
[SourceTitle "EXT 2024"]
[Source "ChessBase"]
[SourceDate "2023.10.10"]
[SourceVersion "1"]
[SourceVersionDate "2023.10.10"]
[SourceQuality "1"]

1. e4 e5 2. Nf3 Nf6 3. Nxe5 Nc6 4. Nxc6 dxc6 5. Nc3 Bc5 6. d3 Ng4 7. Be3 Nxe3 8. fxe3 Bxe3 9. Qe2 Qg5 10. Nd1 Bc1 11. h4 Qh6 12. Kf2 Qf6+ 13. Qf3 Bxb2 14. Qxf6 Bxf6 15. Rb1 b6 16. c3 Be6 17. d4 Bxa2 18. Ra1 Be6 19. e5 Be7 20. Ne3 0-0 21. Bd3 f6 22. exf6 Bxf6 23. Ke2 a5 24. g4 Rae8 25. g5 Bxd4 26. cxd4 Bg4+ 27. Kd2 Rf2+ 28. Kc3 Rxe3 29. Rhe1 Rff3 30. Rxe3 Rxe3 31. Kd2 Re7 32. Rc1 Bd7 33. Rf1 g6 34. Bc4+ Kg7 35. Rf6 b5 36. Bd3 Be8 37. Kc3 b4+ 38. Kc4 Rd7 39. Kc5 Rd5+ 40. Kc4 Bf7 41. Be4 Rf5+ 0-1

[Event "Titled Tuesday intern op 13th Jun Late"]
[Site "Chess.com INT"]
[Date "2023.06.13"]
[Round "8"]
[White "Kyrychenko, Maryan"]
[Black "Papayan, Oleg"]
[Result "1-0"]
[WhiteElo "2130"]
[BlackElo "2253"]
[PlyCount "49"]
[EventDate "2023.06.13"]
[EventType "swiss (blitz)"]
[EventRounds "11"]
[EventCountry "USA"]
[SourceTitle "EXT 2024"]
[Source "ChessBase"]
[SourceDate "2023.10.10"]
[SourceVersion "1"]
[SourceVersionDate "2023.10.10"]
[SourceQuality "1"]

1. e4 e5 2. Nf3 Nc6 3. d4 exd4 4. Nxd4 Qh4 5. Nc3 Bb4 6. Be2 Qxe4 7. Ndb5 Bxc3+ 8. bxc3 Kd8 9. 0-0 Nf6 10. Bf3 Qc4 11. a4 a6 12. Nd4 Qxc3 13. Bxc6 Qxa1 14. Re1 d6 15. Qe2 Bd7 16. Bxb7 Re8 17. Be3 Qxd4 18. Bxa8 Qxa4 19. Rb1 Bb5 20. c4 Qxc4 21. Qf3 Qd3 22. Rc1 Ne4 23. h3 Nc3 24. Kh2 Ne2 25. Rxc7 1-0

[Event "Titled Tuesday intern op 13th Jun Early"]
[Site "Chess.com INT"]
[Date "2023.06.13"]
[Round "1"]
[White "Rosenberg, Evan"]
[Black "Kyrychenko, Maryan"]
[Result "1-0"]
[WhiteElo "1970"]
[BlackElo "2130"]
[PlyCount "147"]
[EventDate "2023.06.13"]
[EventType "swiss (blitz)"]
[EventRounds "11"]
[EventCountry "USA"]
[SourceTitle "EXT 2024"]
[Source "ChessBase"]
[SourceDate "2023.10.10"]
[SourceVersion "1"]
[SourceVersionDate "2023.10.10"]
[SourceQuality "1"]

1. d4 g6 2. e4 Bg7 3. Nc3 d6 4. Nf3 Bg4 5. Be2 Nc6 6. Be3 Bxf3 7. Bxf3 e5 8. Ne2 Nf6 9. c3 0-0 10. 0-0 Re8 11. Ng3 h5 12. Bg5 Qd7 13. d5 Ne7 14. c4 b6 15. Re1 a5 16. Qd2 Kh7 17. b3 Nfg8 18. Rac1 f6 19. Be3 Bh6 20. a3 Bxe3 21. Qxe3 Nh6 22. b4 axb4 23. axb4 h4 24. Nf1 f5 25. exf5 gxf5 26. Qg5 Rg8 27. Qxh4 Ng6 28. Qf6 Raf8 29. Qe6 Qxe6 30. dxe6 Nf4 31. Rc2 Nxe6 32. Bd5 Rg6 33. Bxe6 Rxe6 34. c5 bxc5 35. bxc5 d5 36. c6 f4 37. Rc5 Rd8 38. Nd2 Nf5 39. Nf3 Kg7 40. Rxe5 Rxe5 41. Nxe5 d4 42. Nd3 Ne7 43. Kf1 Rd6 44. Nxf4 d3 45. Ke1 d2+ 46. Kd1 Nxc6 47. Rc2 Nd4 48. Rxd2 c5 49. Ne2 Ra6 50. Nxd4 Ra1+ 51. Ke2 cxd4 52. Rxd4 Ra2+ 53. Rd2 Ra4 54. Ke3 Kf6 55. h3 Kg5 56. g3 Ra3+ 57. Rd3 Ra2 58. f4+ Kf5 59. g4+ Kf6 60. Kf3 Rh2 61. Kg3 Re2 62. Rd6+ Kg7 63. g5 Re3+ 64. Kg4 Kf7 65. h4 Kg7 66. h5 Re1 67. h6+ Kh8 68. Rd7 Kg8 69. g6 Kf8 70. Rf7+ Kg8 71. h7+ Kh8 72. Rf8+ Kg7 73. h8Q+ Kxg6 74. Qf6+ 1-0

[Event "Titled Tuesday intern op 13th Jun Late"]
[Site "Chess.com INT"]
[Date "2023.06.13"]
[Round "10"]
[White "Rottenwohrer Suarez, Juan"]
[Black "Kyrychenko, Maryan"]
[Result "1/2-1/2"]
[WhiteElo "2265"]
[BlackElo "2130"]
[PlyCount "83"]
[EventDate "2023.06.13"]
[EventType "swiss (blitz)"]
[EventRounds "11"]
[EventCountry "USA"]
[SourceTitle "EXT 2024"]
[Source "ChessBase"]
[SourceDate "2023.10.10"]
[SourceVersion "1"]
[SourceVersionDate "2023.10.10"]
[SourceQuality "1"]

1. d4 Nf6 2. c4 e6 3. Nc3 Bb4 4. Nf3 0-0 5. g3 b6 6. Bg2 Bb7 7. 0-0 Bxc3 8. bxc3 d6 9. a4 a5 10. c5 dxc5 11. dxc5 bxc5 12. Ba3 Nbd7 13. Qc2 Be4 14. Qd2 Re8 15. Qe3 c4 16. Rfd1 Qc8 17. Rd4 Bd5 18. Ne5 c5 19. Rh4 Qb7 20. Nxd7 Nxd7 21. f3 h6 22. Bxc5 Qb2 23. Rf1 Nxc5 24. Qxc5 Qxc3 25. e4 Rec8 26. Qd6 Bc6 27. Qf4 Bxa4 28. Rg4 h5 29. Rg5 g6 30. e5 Rd8 31. Qf6 Bc2 32. f4 Rac8 33. f5 Bxf5 34. Rfxf5 exf5 35. Rxg6+ fxg6 36. Qxg6+ Kf8 37. Qf6+ Ke8 38. Qe6+ Kf8 39. Qf6+ Kg8 40. Qg6+ Kh8 41. Qh6+ Kg8 42. Qg6+ 1/2-1/2

[Event "Titled Tuesday intern op 13th Jun Early"]
[Site "Chess.com INT"]
[Date "2023.06.13"]
[Round "6"]
[White "Szyszylo, Rafal"]
[Black "Kyrychenko, Maryan"]
[Result "0-1"]
[WhiteElo "2074"]
[BlackElo "2130"]
[PlyCount "62"]
[EventDate "2023.06.13"]
[EventType "swiss (blitz)"]
[EventRounds "11"]
[EventCountry "USA"]
[SourceTitle "EXT 2024"]
[Source "ChessBase"]
[SourceDate "2023.10.10"]
[SourceVersion "1"]
[SourceVersionDate "2023.10.10"]
[SourceQuality "1"]

1. e4 c5 2. Nc3 a6 3. g3 e6 4. Bg2 Nc6 5. d3 Nf6 6. f4 d5 7. e5 Nd7 8. Nf3 b5 9. 0-0 Bb7 10. a4 b4 11. Ne2 Qc7 12. c3 bxc3 13. bxc3 f6 14. d4 a5 15. exf6 Nxf6 16. Ng5 Qd7 17. Rb1 Ba6 18. Re1 h6 19. Nxe6 Qxe6 20. dxc5 Bxc5+ 21. Nd4 Bxd4+ 22. cxd4 Ne4 23. Rb6 Bc4 24. Ba3 Kf7 25. Rb7+ Kg6 26. Qc2 Rhe8 27. Rb6 Kh7 28. Bc5 Rab8 29. Rxb8 Rxb8 30. Bxe4+ dxe4 31. Rxe4 Qg6 0-1

[Event "Titled Tuesday intern op 30th May Early"]
[Site "Chess.com INT"]
[Date "2023.05.30"]
[Round "6"]
[White "Kyrychenko, Maryan"]
[Black "Bachmann, Axel"]
[Result "0-1"]
[WhiteElo "2130"]
[BlackElo "2604"]
[PlyCount "86"]
[EventDate "2023.05.30"]
[EventType "swiss (blitz)"]
[EventRounds "11"]
[EventCountry "USA"]
[SourceTitle "CBM 214 Extra"]
[Source "ChessBase"]
[SourceDate "2023.07.31"]
[SourceVersion "1"]
[SourceVersionDate "2023.07.31"]
[SourceQuality "1"]

1. e4 c6 2. d4 d5 3. e5 c5 4. dxc5 e6 5. a3 Bxc5 6. b4 Bb6 7. Bb2 a5 8. b5 Ne7 9. Nf3 Nd7 10. Bd3 Nc5 11. 0-0 Ng6 12. g3 0-0 13. h4 Nxd3 14. Qxd3 f6 15. Nbd2 Bd7 16. a4 Rc8 17. Rad1 Qc7 18. c4 Nxe5 19. Nxe5 fxe5 20. cxd5 Qc2 21. Qxc2 Rxc2 22. Bxe5 exd5 23. Bf4 Bg4 24. Rc1 Rfc8 25. Nb3 d4 26. Rxc2 Rxc2 27. Be5 d3 28. Bd4 Bxd4 29. Nxd4 Ra2 30. f3 Bh3 31. Rd1 d2 32. Nb3 Ra3 33. Nxd2 Rd3 34. Kf2 Rd4 35. Ke3 Rxa4 36. Ne4 Ra3+ 37. Kf4 h6 38. Rd8+ Kh7 39. Rb8 Bg2 40. Rxb7 Rxf3+ 41. Kg4 Rf1 42. Re7 Bf3+ 43. Kh3 Rh1# 0-1

[Event "Titled Tuesday intern op 30th May Early"]
[Site "Chess.com INT"]
[Date "2023.05.30"]
[Round "5"]
[White "Naroditsky, Daniel"]
[Black "Kyrychenko, Maryan"]
[Result "1-0"]
[WhiteElo "2618"]
[BlackElo "2130"]
[PlyCount "71"]
[EventDate "2023.05.30"]
[EventType "swiss (blitz)"]
[EventRounds "11"]
[EventCountry "USA"]
[SourceTitle "CBM 214 Extra"]
[Source "ChessBase"]
[SourceDate "2023.07.31"]
[SourceVersion "1"]
[SourceVersionDate "2023.07.31"]
[SourceQuality "1"]

1. e4 c5 2. c3 d5 3. exd5 Qxd5 4. d4 g6 5. Nf3 Bg7 6. Na3 Nh6 7. Bc4 Qe4+ 8. Be3 0-0 9. Bd3 Qc6 10. 0-0 Ng4 11. Nc2 e5 12. Nxe5 Nxe5 13. dxe5 Bxe5 14. Bh6 Rd8 15. Qe2 Re8 16. Ne3 Nd7 17. Bb5 Qb6 18. Rad1 Qe6 19. Qf3 Bg7 20. Bxg7 Kxg7 21. Nd5 Ne5 22. Qg3 Rd8 23. Nc7 Qe7 24. Nxa8 Rxd1 25. Rxd1 Bg4 26. Rf1 c4 27. Bxc4 h5 28. Bb3 g5 29. h3 h4 30. Qe3 Bf5 31. f4 gxf4 32. Qxf4 Bg6 33. Bd5 Qc5+ 34. Qd4 Qd6 35. Bxf7 Bxf7 36. Qxd6 1-0

[Event "Titled Tuesday intern op 30th May Early"]
[Site "Chess.com INT"]
[Date "2023.05.30"]
[Round "7"]
[White "Svane, Rasmus"]
[Black "Kyrychenko, Maryan"]
[Result "1-0"]
[WhiteElo "2623"]
[BlackElo "2130"]
[PlyCount "165"]
[EventDate "2023.05.30"]
[EventType "swiss (blitz)"]
[EventRounds "11"]
[EventCountry "USA"]
[SourceTitle "CBM 214 Extra"]
[Source "ChessBase"]
[SourceDate "2023.07.31"]
[SourceVersion "1"]
[SourceVersionDate "2023.07.31"]
[SourceQuality "1"]

1. Nf3 d5 2. g3 c5 3. Bg2 Nc6 4. d4 cxd4 5. Nxd4 Nf6 6. 0-0 e5 7. Nxc6 bxc6 8. c4 Be7 9. Nc3 Be6 10. Bg5 e4 11. cxd5 cxd5 12. Qa4+ Qd7 13. Qxd7+ Nxd7 14. Bxe7 Kxe7 15. Rfd1 Nb6 16. f3 f5 17. Nb5 Rhc8 18. Nd4 Nc4 19. b3 Ne3 20. Rdc1 Nxg2 21. Kxg2 Bd7 22. Kf2 g6 23. h4 Kd6 24. Ke3 a5 25. a4 Rab8 26. Kd2 h6 27. f4 g5 28. Rxc8 Rxc8 29. hxg5 hxg5 30. Rh1 gxf4 31. gxf4 Kc5 32. e3 Rg8 33. Rh7 Rg2+ 34. Kc3 Be8 35. Re7 Bh5 36. Re6 Rg6 37. Rxg6 Bxg6 38. Nc2 Be8 39. Nd4 Bd7 40. Ne2 Be8 41. Ng3 Bd7 42. Nh5 Bc8 43. Nf6 Be6 44. Nh7 Bd7 45. Ng5 Bc8 46. Nf7 Be6 47. Nd8 Bd7 48. Nb7+ Kb6 49. Nd6 Kc5 50. Nf7 Be6 51. Ne5 Bc8 52. Ng6 Bd7 53. Nh4 Bc8 54. Ng2 Bd7 55. Ne1 Bc8 56. Nc2 Be6 57. b4+ axb4+ 58. Nxb4 Bd7 59. a5 Bc8 60. a6 Kb6 61. Nxd5+ Kxa6 62. Kd4 Kb7 63. Ke5 Bd7 64. Ne7 Kc7 65. Nxf5 Kd8 66. Kxe4 Bc6+ 67. Ke5 Kd7 68. e4 Ba4 69. Nd4 Ke8 70. f5 Bd1 71. Kf6 Bh5 72. e5 Bd1 73. e6 Ba4 74. Ke5 Bd1 75. f6 Bh5 76. Kd6 Bf7 77. exf7+ Kf8 78. Ke5 Kxf7 79. Kf5 Kf8 80. Kg6 Ke8 81. Nf3 Kf8 82. f7 Ke7 83. Kg7 1-0

[Event "Titled Tuesday intern op 02nd May Early"]
[Site "Chess.com INT"]
[Date "2023.05.02"]
[Round "4"]
[White "Ansh, M Shah"]
[Black "Kyrychenko, Maryan"]
[Result "0-1"]
[WhiteElo "2171"]
[BlackElo "2130"]
[PlyCount "60"]
[EventDate "2023.05.02"]
[EventType "swiss (blitz)"]
[EventRounds "11"]
[EventCountry "USA"]
[SourceTitle "EXT 2024"]
[Source "ChessBase"]
[SourceDate "2023.10.10"]
[SourceVersion "1"]
[SourceVersionDate "2023.10.10"]
[SourceQuality "1"]

1. d4 Nf6 2. c4 e6 3. g3 Bb4+ 4. Nd2 0-0 5. Bg2 d5 6. Ngf3 c5 7. 0-0 Nc6 8. cxd5 exd5 9. a3 Bxd2 10. Bxd2 cxd4 11. Bb4 Re8 12. Re1 Bg4 13. Nxd4 Nxd4 14. Qxd4 Bxe2 15. h3 Qd7 16. Rac1 Bc4 17. Red1 Qb5 18. Bc3 h6 19. Qf4 Ne4 20. Bd4 a5 21. Re1 Nc5 22. Qg4 g6 23. Qh4 Ne6 24. Bf6 Kh7 25. Re5 Qxb2 26. Rce1 Qd2 27. Kh2 Qxf2 28. R1e3 g5 29. Qg4 Qxf6 30. Rf5 Qg6 0-1

[Event "Titled Tuesday intern op 02nd May Early"]
[Site "Chess.com INT"]
[Date "2023.05.02"]
[Round "1"]
[White "Kyrychenko, Maryan"]
[Black "Fedoseev, Vladimir1111"]
[Result "0-1"]
[WhiteElo "2130"]
[BlackElo "2680"]
[PlyCount "72"]
[EventDate "2023.05.02"]
[EventType "swiss (blitz)"]
[EventRounds "11"]
[EventCountry "USA"]
[SourceTitle "EXT 2024"]
[Source "ChessBase"]
[SourceDate "2023.10.10"]
[SourceVersion "1"]
[SourceVersionDate "2023.10.10"]
[SourceQuality "1"]

1. e4 c5 2. Nc3 Nc6 3. f4 g5 4. fxg5 h6 5. d3 hxg5 6. Bxg5 Bg7 7. Qd2 d6 8. 0-0-0 Be6 9. Kb1 Qa5 10. Nd5 Qxd2 11. Rxd2 Kd7 12. h4 Bh6 13. Bxh6 Nxh6 14. Nf3 Rag8 15. Ng5 Bxd5 16. exd5 Nb4 17. c4 Nf5 18. a3 Rxg5 19. axb4 cxb4 20. Ka2 Rxh4 21. Rxh4 Nxh4 22. d4 Rg3 23. c5 Nf5 24. Bb5+ Kc7 25. Bc4 a5 26. Rf2 Ne3 27. Bb5 f6 28. Re2 f5 29. Kb3 b6 30. Ka4 bxc5 31. dxc5 dxc5 32. Bd3 c4 33. Bb1 Kb6 34. Rf2 Nxd5 35. Rxf5 Ra3+ 36. bxa3 Nc3# 0-1

[Event "Titled Tuesday intern op 02nd May Early"]
[Site "Chess.com INT"]
[Date "2023.05.02"]
[Round "11"]
[White "Kyrychenko, Maryan"]
[Black "Fernandez Garcia, Gumersindo"]
[Result "1-0"]
[WhiteElo "2130"]
[BlackElo "2160"]
[PlyCount "71"]
[EventDate "2023.05.02"]
[EventType "swiss (blitz)"]
[EventRounds "11"]
[EventCountry "USA"]
[SourceTitle "EXT 2024"]
[Source "ChessBase"]
[SourceDate "2023.10.10"]
[SourceVersion "1"]
[SourceVersionDate "2023.10.10"]
[SourceQuality "1"]

1. e4 c5 2. Nc3 g6 3. f4 Bg7 4. Nf3 Nc6 5. Bb5 Qc7 6. Bxc6 Qxc6 7. 0-0 d6 8. d3 Bg4 9. Qe1 Nf6 10. Qh4 Bxf3 11. Rxf3 c4 12. f5 cxd3 13. cxd3 0-0 14. Bh6 Qb6+ 15. Kh1 Qxb2 16. Raf1 Qxc3 17. Rh3 Rac8 18. g4 Qb2 19. Bg5 h5 20. gxh5 Nxh5 21. Qg4 Bf6 22. Rg1 Bxg5 23. Qxg5 Qf6 24. Rxh5 Qxg5 25. Rhxg5 Rc2 26. fxg6 fxg6 27. Rxg6+ Kf7 28. R6g2 Rfc8 29. h4 Rxg2 30. Rxg2 Rh8 31. Rg4 Ke6 32. Kg2 Ke5 33. Kg3 Kd4 34. Rg7 Re8 35. h5 Kxd3 36. Kf4 1-0